Central-Library-PUMHS

Online Public Access Catalogue

Welcome to PUMHS Central Library Nawabshah, SBA

Teaching in nursing: a guide for faculty (Record no. 37727)

000 -LEADER
fixed length control field 00250nam a22001217a 4500
100 ## - MAIN ENTRY--AUTHOR NAME
Personal name Billings
245 ## - TITLE STATEMENT
Title Teaching in nursing: a guide for faculty
250 ## - EDITION STATEMENT
Edition statement 7th Edition
260 ## - PUBLICATION, DISTRIBUTION, ETC. (IMPRINT)
Year of publication 2024
300 ## - PHYSICAL DESCRIPTION
Number of Pages 569
650 ## - SUBJECT ADDED ENTRY--TOPICAL TERM
Topical Term Nursing
942 ## - ADDED ENTRY ELEMENTS (KOHA)
Koha item type Books
Holdings
Withdrawn status Lost status Permanent Location Current Location Shelving location Date acquired Source of acquisition Cost, normal purchase price Full call number Accession Number Koha item type
    Central Library New Campus PUMHS Nawabshah,(SBA) Central Library New Campus PUMHS Nawabshah,(SBA) Nursing Library 2026-02-25 M/S Allied Bill No A 25060066 Date14/6/2025 22342.57 610.73 BIL 40883 Ref Books

Copyright © 2018,The PUMHSW, Nawabshah, Shaheed Benazirabad. All rights reserved
Mr. Abdul Sattar Mahar (Chief Librarian) PUMHSW, Nawabshah, Sindh, Pakistan 67480.
Ph#: | 0244-9370425 Ext. 2241 Email| librarian@pumhs.edu.pk Web| http://www.pumhs.edu.pk
سنڌي ڪي بورڊ